Luis de Hoyos Sainz (Record no. 168961)

MARC details
000 -LEADER
campo de control de longitud fija 00719nam a22002055i 4500
001 - NÚMERO DE CONTROL
campo de control 168961
003 - IDENTIFICADOR DE NÚMERO DE CONTROL
campo de control ES-MaACL
005 - FECHA Y HORA DE LA ÚLTIMA TRANSACCIÓN
campo de control 20230906213941.0
008 - DATOS DE LONGITUD FIJA--INFORMACIÓN GENERAL
campo de control de longitud fija 080707s1992 sp |||| | spa d
080 ## - NÚMERO DE LA CLASIFICACIÓN DECIMAL UNIVERSAL
Número de la Clasificación Decimal Universal 929 Hoyos Sainz, Luis de
100 1# - ENTRADA PRINCIPAL--NOMBRE DE PERSONA
Nombre de persona Ortiz García, Carmen.
9 (RLIN) 87620
245 10 - MENCIÓN DEL TÍTULO
Título Luis de Hoyos Sainz
Resto del título : fundador del Museo del Pueblo Español /
Mención de responsabilidad, etc. Carmen Ortiz García.
260 ## - PUBLICACIÓN, DISTRIBUCIÓN, ETC.
Lugar de publicación, distribución, etc. [Madrid :
Nombre del editor, distribuidor, etc. s.n.,
Fecha de publicación, distribución, etc. 1992]
300 ## - DESCRIPCIÓN FÍSICA
Extensión p. 147-168 ;
Dimensiones 24 cm.
500 ## - NOTA GENERAL
Nota general Separata de Anales del Museo del Pueblo Español. Tomo IV, 1992.
600 14 - PUNTO DE ACCESO ADICIONAL DE MATERIA--NOMBRE DE PERSONA
Nombre de persona Hoyos Sáinz, Luis de,
Fechas asociadas al nombre 1868-1951
9 (RLIN) 64437
610 2# - PUNTO DE ACCESO ADICIONAL DE MATERIA--NOMBRE DE ENTIDAD CORPORATIVA
Nombre de entidad corporativa o nombre de jurisdicción como elemento de entrada Museo del Pueblo Español.
9 (RLIN) 5870
852 ## - LOCALIZACIÓN
Ubicación ES-MaACL
Número de control de estantería 2232-F-1
itemnumber R.142839
Holdings
Estatus retirado Estado de pérdida Estado de daño No para préstamo Colección Biblioteca de origen Biblioteca actual Ubicación en estantería Fecha de adquisición Fuente de adquisición Total de préstamos Signatura topográfica completa Código de barras Visto por última vez Precio de reemplazo Tipo de ítem Koha
        Colección de folletos Biblioteca del Ateneo de Madrid Biblioteca del Ateneo de Madrid Depósito folletos 07/07/2008     2232-F-1 1177331 23/02/2023 23/02/2023 Folleto